| 000 | 01445cam a2200349 a 4500 | ||
|---|---|---|---|
| 001 | 16735999 | ||
| 005 | 20170420103650.0 | ||
| 008 | 110414s2011 mdu b 001 0 eng | ||
| 020 | _a9781442206717 (cloth : alk. paper) | ||
| 020 | _a1442206713 (cloth : alk. paper) | ||
| 020 | _a9781442206724 (pbk. : alk. paper) | ||
| 020 | _a1442206721 (pbk. : alk. paper) | ||
| 020 | _a9781442206731 (ebk.) | ||
| 020 | _a144220673X (ebk.) | ||
| 035 | _a(OCoLC)ocn707966839 | ||
| 040 |
_aDLC _cDLC _dYDX _dBTCTA _dYDXCP _dBWX _dUKMGB _dCOO _dCDX _dDLC |
||
| 082 | 0 | 0 |
_a324.73 _222 _bTRE |
| 100 | 1 |
_aTrent, Judith S. _928777 |
|
| 245 | 1 | 0 |
_aPolitical campaign communication : _bprinciples and practices / _cJudith S. Trent, Robert V. Friedenberg, and Robert E. Denton, Jr. |
| 250 | _a7th ed. | ||
| 260 |
_aLanham : _bRowman & Littlefield Publishers, _cc2011. |
||
| 300 |
_axii, 446 p. ; _c24 cm. |
||
| 490 | 0 |
_aCommunication, media, and politics _928778 |
|
| 504 | _aIncludes bibliographical references (p. 379-429, 431-435) and index. | ||
| 650 | 0 |
_aPolitical campaigns. _928779 |
|
| 650 | 0 |
_aCommunication in politics. _928780 |
|
| 653 |
_bPol _cFebruary2012 |
||
| 700 | 1 |
_aFriedenberg, Robert V. _928781 |
|
| 700 | 1 |
_928782 _aDenton, Robert E., _cJr. |
|
| 942 |
_2ddc _cBB |
||
| 999 |
_c16433 _d16433 |
||